000 00993njm a2200301 c 4500
003 BLK
005 20180421002252.0
008 180410b bul||n||s|||||||| n|bulo|
010 _aCDD00000495000
040 _aBLK
041 _aDEU
_cDEU
080 _aДруги видове песни. - Естрада, джаз. Стари градски. Рок-и попмузика. Чалга(поп-фолк)
_b784.7
_x
_z784.7
139 _aMussen alle mit 1 [CD аудио]
_bM 97
245 1 0 _aMussen alle mit 1 [CD аудио]
_bKompilation
257 _aDEU
260 Hamburg
_bTapete Rec.
_c2003
300 _c12 cm.
_fбр. в к-т
_g1 CD
306 _a76мин. 58сек.
380 _a7
650 4 _aИнди поп музика
_9157179
653 _aпопмузика
653 _aинди поп музика
852 _aЦб CD 1951
_p0
856 4 _qpdf
_u
856 4 _qpdf
_u
942 _cCDD
_n0
944 _aCR
_c23.10.2008
_kТеодора_Стоянова
944 _aED
_c23.10.2008
_k
999 _c216577
_d216577